Транспортное строительство (Запись № 4607745)
[ простой вид ]
| 000 -МАРКЕР | |
|---|---|
| контрольное поле | 03835nas1a22004091i 4500 |
| 001 - ИДЕНТИФИКАТОР ЗАПИСИ | |
| контрольное поле | RU\NLR\INFOCOMM20\5000019661 |
| 005 - ИДЕНТИФИКАТОР ВЕРСИИ | |
| контрольное поле | 20240723105818.0 |
| 035 ## - ДРУГИЕ СИСТЕМНЫЕ НОМЕРА | |
| Идентификатор записи | (NLR Aleph) 002383221 |
| 100 ## - ДАННЫЕ ОБЩЕЙ ОБРАБОТКИ | |
| Данные общей обработки | 20041228b19761983|||y0rusy50 ca |
| 101 0# - ЯЗЫК РЕСУРСА | |
| Язык текста, звукозаписи и т.д. | русский |
| 102 ## - СТРАНА ПУБЛИКАЦИИ ИЛИ ПРОИЗВОДСТВА | |
| Страна публикации | Российская Федерация |
| 110 ## - ПОЛЕ КОДИРОВАННЫХ ДАННЫХ: ПРОДОЛЖАЮЩИЕСЯ РЕСУРСЫ | |
| Кодированные данные продолжающегося ресурса | ayuzz 0|y| |
| 200 1# - ЗАГЛАВИЕ И СВЕДЕНИЯ ОБ ОТВЕТСТВЕННОСТИ | |
| Основное заглавие | Транспортное строительство |
| Сведения, относящиеся к заглавию | Реф. сборник |
| Наименование части | Строительство и электрификация железных дорог, СЦБ, связь и электроснабжение |
| Первые сведения об ответственности | Центр. ин-т нормативных исследований и науч.-техн. информации "Оргтрансстрой" М-ва трансп. стр-ва |
| 210 ## - ПУБЛИКАЦИЯ, РАСПРОСТРАНЕНИЕ И ДР. | |
| Место издания, распространения и т.д. | М. |
| Дата издания, распространения и т.д. | 1976, 1978-1983 |
| 311 ## - ПРИМЕЧАНИЯ, ОТНОСЯЩИЕСЯ К ПОЛЯМ СВЯЗИ (ПРИМЕЧАНИЯ О СВЯЗИ С ДРУГИМИ ПРОИЗВЕДЕНИЯМИ (ИЗДАНИЯМИ)) | |
| Текст примечания | Образовалось в результате объединения изд.: Транспортное строительство. Работы по электрификации железных дорог, СЦБ, связь и энергоснабжение (ш.: П10/4286) и ... Строительство железных дорог (ш.: П10/4210) |
| 311 ## - ПРИМЕЧАНИЯ, ОТНОСЯЩИЕСЯ К ПОЛЯМ СВЯЗИ (ПРИМЕЧАНИЯ О СВЯЗИ С ДРУГИМИ ПРОИЗВЕДЕНИЯМИ (ИЗДАНИЯМИ)) | |
| Текст примечания | В 1977 г. объединилось с изд.: Транспортное строительство. Строительство автомобильных дорог и аэродромов (ш.: П10/4227) и выходило под загл.: ... Строительство железных и автомобильных дорог и электрификация транспорта (ш.: П10/5358) |
| 311 ## - ПРИМЕЧАНИЯ, ОТНОСЯЩИЕСЯ К ПОЛЯМ СВЯЗИ (ПРИМЕЧАНИЯ О СВЯЗИ С ДРУГИМИ ПРОИЗВЕДЕНИЯМИ (ИЗДАНИЯМИ)) | |
| Текст примечания | Прекр. на №4 1983 |
| 436 #0 - ИЗДАНИЯ, УЧАСТВОВАВШИЕ В СЛИЯНИИ | |
| Встроенное поле | 2001#$aТранспортное строительство$iРаботы по электрификации, СЦБ, связь и энергоснабжение |
| -- | 852##$aNLR$jП10/4286 |
| Заглавие | Транспортное строительство |
| 436 #0 - ИЗДАНИЯ, УЧАСТВОВАВШИЕ В СЛИЯНИИ | |
| Встроенное поле | 2001#$aТранспортное строительство$iСтроительство железных дорог |
| -- | 852##$aNLR$jП10/4210 |
| Заглавие | Транспортное строительство |
| 440 #0 - ПРОДОЛЖАЕТСЯ ПОД ... | |
| Встроенное поле | 2001#$aТранспортное строительство$iСтроительство железных и автомобильных дорог и электрификация транспорта |
| -- | 852##$aNLR$jП10/5358 |
| Заглавие | Транспортное строительство |
| 712 02 - НАИМЕНОВАНИЕ ОРГАНИЗАЦИИ - ВТОРИЧНАЯ ОТВЕТСТВЕННОСТЬ | |
| Начальный элемент ввода | Центральный институт нормативных исследований и научно-технической информации в транспортном строительстве |
| Идентифицирующий признак | Москва |
| Код отношения | Прочие |
| 712 02 - НАИМЕНОВАНИЕ ОРГАНИЗАЦИИ - ВТОРИЧНАЯ ОТВЕТСТВЕННОСТЬ | |
| Начальный элемент ввода | Центральный институт совершенствования технологии строительства нормативных исследований и научно-технической информации в транспортном строительстве |
| Идентифицирующий признак | Москва |
| Код отношения | Прочие |
| 801 #1 - ИСТОЧНИК ЗАПИСИ | |
| Страна | Российская Федерация |
| Организация | InfoComm |
| Дата составления | 20041228 |
| 801 #0 - ИСТОЧНИК ЗАПИСИ | |
| Страна | Российская Федерация |
| Организация | NLR |
| Правила каталогизации | PSBO |
| 852 ## - МЕСТОНАХОЖДЕНИЕ И ШИФР ХРАНЕНИЯ | |
| Идентификатор организации | NLR |
| Шифр хранения (Call Number) | П10/5106 |
| 942 ## - ДОПОЛНИТЕЛЬНЫЕ ЭЛЕМЕНТЫ ЗАПИСИ (АБИС) | |
| Тип экземпляра АБИС | Журнал |
| 980 ## - КОЛЛЕКЦИЯ | |
| Название коллекции | Русская периодика |
Нет доступных экземпляров.